| 000 | 00461nam a2200181Ia 4500 | ||
|---|---|---|---|
| 005 | 20250423100044.0 | ||
| 008 | 250422s9999 xx 000 0 und d | ||
| 020 | _a9788131101667 | ||
| 050 | _aDS 481.G3 C43/ | ||
| 100 | _aR.k Pruthi Archna Chaturvedi | ||
| 245 | 0 | _aMahatma gandhi and world peace | |
| 260 | _aNew Delhi | ||
| 260 | _bCommonwealth Publishers | ||
| 260 | _c2019 | ||
| 300 | _a327 p | ||
| 650 | _aGandhi, Mahatma, 1869-1948 | ||
| 942 | _cBK | ||
| 999 |
_c32149 _d32149 |
||